000
00327nam a22001457a 4500
008
221216b ||||| |||| 00| 0 eng d
020
_a
9781563638343
041
_a
eng
080
_2
70 EDITION
_a
159.9
082
_a
159.9PDR
100
_a
25
101
_a
PSI
245
_a
PHYSICIANS DESK REFERENCE
_c
PDR
942
_2
udc
_c
BK
999
_c
59191
_d
59191